000 00407nam a22001577a 4500
005 20241213133355.0
008 241213b |||||||| |||| 00| 0 eng d
020 _a9781403911353
050 _aLB 1049
_bCOT
100 _aCOTTRELL, STELLA
245 _aTHE STUDY SKILLS HANDBOOK
250 _a2 EDITION
260 _aNEW YORK
_bPALGRAVE MACMILLAN
_cc1999
300 _avi; 295p
_billus.
942 _2lcc
_cBK
_n0
999 _c2153
_d2153